[Event "World Youth U16 Olympiad"]
[Site "Gyor HUN"]
[Date "2014.12.16"]
[Round "5.13"]
[Board "3"]
[White "Sevgi, Volkan"]
[Black "Puskar, Peter"]
[Result "1-0"]
[WhiteTitle "FM"]
[WhiteElo "2091"]
[BlackElo "2051"]
[WhiteTeam "Turkey"]
[BlackTeam "Slovakia West"]
[WhiteFideId "6325335"]
[BlackFideId "14925842"]
[EventDate "2014.12.13"]
[EventType "team"]

1. e4 c5 2. c3 d5 3. exd5 Qxd5 4. d4 Nc6 5. Nf3 Bf5 6. Na3 cxd4 7. Bc4 Qd7 8.
Nxd4 O-O-O 9. Be3 Nf6 10. O-O e5 11. Nxc6 Qxc6 12. Qb3 Bxa3 13. bxa3 a6 14. Bxf7
Rd6 15. Rfe1 h5 16. Rad1 Bd3 17. c4 e4 18. Bf4 Rd7 19. Bd5 Nxd5 20. cxd5 Qf6 21.
Rc1+ Kd8 22. Bd2 Rh6 23. d6 Qe6 24. Bxh6 Qxb3 25. Bg5+ Ke8 26. Rc8+ Kf7 27. axb3 1-0

[Event "World Youth U16 Olympiad"]
[Site "Gyor HUN"]
[Date "2014.12.16"]
[Round "5.13"]
[Board "4"]
[White "Vrtiakova, Anna"]
[Black "Temel, Burcu Melis"]
[Result "1/2-1/2"]
[WhiteElo "1866"]
[BlackElo "1878"]
[WhiteTeam "Slovakia West"]
[BlackTeam "Turkey"]
[WhiteFideId "14927870"]
[BlackFideId "6345492"]
[EventDate "2014.12.13"]
[EventType "team"]

1. d4 Nf6 2. Nf3 g6 3. c4 Bg7 4. g3 O-O 5. Bg2 d6 6. O-O Nc6 7. Nc3 e5 8. d5 Ne7
9. Ne1 Ne8 10. e4 f5 11. Nd3 Nf6 12. f4 exf4 13. Bxf4 Ng4 14. Qd2 c6 15. Kh1 Kh8
16. Rae1 fxe4 17. Nxe4 Nf5 18. Ndf2 Ne5 19. b3 b5 20. c5 dxc5 21. Nxc5 Nf7 22.
dxc6 Qb6 23. c7 Qxc5 24. Bxa8 g5 25. Ne4 Qb6 26. Be3 Qxc7 27. Bc5 Rd8 28. Qf2
Be6 29. Nd2 Rxa8 30. Rxe6 N7d6 31. Bxd6 Nxd6 32. Ne4 Rf8 33. Qe2 Nf5 34. Kg1 Nd4
35. Rxf8+ Bxf8 36. Qb2 Qg7 37. Rf6 Bc5 38. Kg2 Qb7 39. Re6 Qd5 40. Re8+ Kg7 41.
Qf2 Qc6 42. Re7+ Bxe7 43. Qxd4+ Kg8 44. Kg1 1/2-1/2

[Event "World Youth U16 Olympiad"]
[Site "Gyor HUN"]
[Date "2014.12.16"]
[Round "5.14"]
[Board "1"]
[White "Boldoo, Erdenepurev"]
[Black "Zhou, Jiangnan"]
[Result "1-0"]
[WhiteElo "2093"]
[BlackElo "2100"]
[WhiteTeam "Mongolia"]
[BlackTeam "China"]
[WhiteFideId "4901037"]
[BlackFideId "8609918"]
[EventDate "2014.12.13"]
[EventType "team"]

1. d4 Nf6 2. c4 c5 3. d5 b5 4. cxb5 a6 5. e3 axb5 6. Bxb5 g6 7. Nc3 Bg7 8. Bd2
Ba6 9. a4 O-O 10. Nf3 d6 11. O-O Bxb5 12. axb5 Nbd7 13. Qb3 Nb6 14. e4 Nfd7 15.
Be3 h6 16. Ra6 f5 17. exf5 gxf5 18. g3 Rb8 19. Nh4 Ne5 20. Ra7 Nc8 21. Ra6 Qe8
22. b6 Rb7 23. Ne2 c4 24. Qc2 Qb5 25. Rfa1 Qxd5 26. Nf4 Qf7 27. Ra7 Rxb6 28.
Bxb6 Nxb6 29. Rd1 Nc6 30. Rxd6 Nxa7 31. Rxb6 Bd4 32. Rg6+ Kh7 33. Ne6 Bh8 34.
Nxf5 1-0

[Event "World Youth U16 Olympiad"]
[Site "Gyor HUN"]
[Date "2014.12.16"]
[Round "5.14"]
[Board "2"]
[White "Dai, Changren"]
[Black "Munkhbayar, Gijir"]
[Result "1-0"]
[BlackTitle "FM"]
[WhiteElo "2301"]
[BlackElo "1967"]
[WhiteTeam "China"]
[BlackTeam "Mongolia"]
[WhiteFideId "8608156"]
[BlackFideId "4901584"]
[EventDate "2014.12.13"]
[EventType "team"]

1. e4 c5 2. Nf3 d6 3. d4 cxd4 4. Nxd4 Nf6 5. Nc3 g6 6. Be3 Bg7 7. f3 O-O 8. Qd2
Nc6 9. Bc4 Bd7 10. O-O-O Ne5 11. Bb3 Rc8 12. Kb1 Re8 13. h4 h5 14. g4 hxg4 15.
h5 Nxh5 16. Bh6 Bf6 17. Nd5 e6 18. Nxf6+ Qxf6 19. fxg4 Ng3 20. Bg5 Qg7 21. Rhe1
Nxg4 22. Qg2 e5 23. Nf3 Nh5 24. Rxd6 Ngf6 25. Bxf6 Nxf6 26. Ng5 Re7 27. Rf1 Rc6
28. Rfxf6 Qxf6 29. Rxf6 Rxf6 30. Qh1 Re8 31. a3 Kf8 32. Nh7+ 1-0

[Event "World Youth U16 Olympiad"]
[Site "Gyor HUN"]
[Date "2014.12.16"]
[Round "5.14"]
[Board "3"]
[White "Agibileg, Uurtsaikh"]
[Black "Zhang, Jiabao"]
[Result "1-0"]
[WhiteElo "1957"]
[BlackElo "2089"]
[WhiteTeam "Mongolia"]
[BlackTeam "China"]
[WhiteFideId "4901606"]
[BlackFideId "8606560"]
[EventDate "2014.12.13"]
[EventType "team"]

1. d4 d5 2. c4 e6 3. Nc3 Nf6 4. cxd5 exd5 5. Bg5 Be7 6. e3 O-O 7. Bd3 c6 8. Qc2
Nbd7 9. Nf3 Re8 10. O-O Nf8 11. h3 Be6 12. Bf4 Ng6 13. Bh2 Bd6 14. Ne5 Bd7 15.
f4 c5 16. Kh1 Qc8 17. g4 Bc6 18. Rae1 Nf8 19. g5 Ne4 20. Bxe4 dxe4 21. d5 Bd7
22. Nxe4 Bxe5 23. fxe5 Qd8 24. Nd6 Re7 25. Rf3 Ng6 26. Ref1 Be8 27. Qc3 b6 28.
e4 Rd7 29. Rf5 Nh4 30. e6 Nxf5 31. Nxf5 fxe6 32. dxe6 Rb7 33. Nh6+ gxh6 34. Rf8+
Kxf8 35. Qh8+ Ke7 36. Qf6# 1-0

[Event "World Youth U16 Olympiad"]
[Site "Gyor HUN"]
[Date "2014.12.16"]
[Round "5.15"]
[Board "1"]
[White "Dale, Ari"]
[Black "Havasi, Gergo"]
[Result "1/2-1/2"]
[WhiteTitle "IM"]
[WhiteElo "2252"]
[BlackElo "2353"]
[WhiteTeam "Australia"]
[BlackTeam "Hungary 2"]
[WhiteFideId "3213145"]
[BlackFideId "760293"]
[EventDate "2014.12.13"]
[EventType "team"]

1. d4 Nf6 2. c4 g6 3. Nc3 Bg7 4. e4 d6 5. Nf3 O-O 6. Be2 e5 7. Be3 Ng4 8. Bg5 f6
9. Bh4 g5 10. Bg3 Nh6 11. h3 exd4 12. Nxd4 Nc6 13. h4 f5 14. hxg5 Bxd4 15. gxh6
fxe4 16. Qd2 Bf5 17. O-O-O Bg6 18. Bh5 Qe8 19. Qg5 Bxc3 20. bxc3 Kh8 21. Bxg6
Qxg6 22. Qxg6 hxg6 23. c5 Kh7 24. cxd6 cxd6 25. Rxd6 Rf7 26. Rh4 Re8 27. Rg4 e3
28. fxe3 Rxe3 29. Kd2 Rfe7 30. Rdxg6 Re2+ 31. Kd1 Rxg2 32. Bf4 Rxg4 33. Rxg4 Rf7
34. Be3 a6 35. Kc2 Ne7 36. Bd2 Ng6 37. a4 Ne5 38. Rb4 Nc6 39. Re4 Ne7 40. Re6
Nf5 41. Bg5 Rd7 42. Kb3 Nd6 43. Be7 Nf5 44. Bf8 Rf7 45. Bg7 Nxg7 46. hxg7 Kxg7
47. Kb4 Rc7 48. a5 Kf7 49. Re2 Kf8 50. c4 Re7 51. Rd2 Ke8 52. Kc5 Re6 53. Rb2
Rc6+ 54. Kd5 Rc7 55. Rh2 Kd8 56. Rh8+ Kd7 57. Rb8 Ke7 58. c5 Rd7+ 59. Kc4 Rc7
60. Rh8 Ke6 61. Rh6+ Ke7 62. Kd5 Rd7+ 63. Rd6 Rc7 64. Kd4 Rd7 65. Kd5 Rc7 66.
Rb6 Kd8 67. c6 Rxc6 68. Rxb7 Rh6 69. Rg7 Kc8 70. Kc5 1/2-1/2

[Event "World Youth U16 Olympiad"]
[Site "Gyor HUN"]
[Date "2014.12.16"]
[Round "5.15"]
[Board "2"]
[White "Kozak, Adam"]
[Black "Puccini, Jack"]
[Result "1-0"]
[WhiteTitle "FM"]
[BlackTitle "CM"]
[WhiteElo "2307"]
[BlackElo "2188"]
[WhiteTeam "Hungary 2"]
[BlackTeam "Australia"]
[WhiteFideId "753246"]
[BlackFideId "3213307"]
[EventDate "2014.12.13"]
[EventType "team"]

1. d4 Nf6 2. c4 g6 3. Nc3 Bg7 4. e4 d6 5. Nf3 O-O 6. Be2 e5 7. O-O Nc6 8. d5 Ne7
9. Ne1 Ne8 10. Be3 f5 11. f3 f4 12. Bf2 h5 13. c5 g5 14. a4 Kh8 15. cxd6 cxd6
16. a5 Rg8 17. Nb5 a6 18. Bb6 Qd7 19. Na7 Rxa7 20. Bxa7 Ng6 21. Bc4 g4 22. Kf2
gxf3 23. gxf3 Qh3 24. Rh1 Nf6 25. Ra3 Bh6 26. Bf1 Qd7 27. Qa4 Qe7 28. Ke2 Bd7
29. Qb4 Bg5 30. Kd1 Bh4 31. Nc2 Bc8 32. Rc3 Re8 33. Bb8 Rd8 34. Bxd6 Rxd6 35.
Rxc8+ Kh7 36. Bh3 Bf2 37. Ke2 Ba7 38. Bf5 1-0

[Event "World Youth U16 Olympiad"]
[Site "Gyor HUN"]
[Date "2014.12.16"]
[Round "5.15"]
[Board "3"]
[White "Loh, Zachary"]
[Black "Juhasz, Armin"]
[Result "0-1"]
[BlackTitle "FM"]
[WhiteElo "2075"]
[BlackElo "2268"]
[WhiteTeam "Australia"]
[BlackTeam "Hungary 2"]
[WhiteFideId "3210383"]
[BlackFideId "724270"]
[EventDate "2014.12.13"]
[EventType "team"]

1. e4 c6 2. d4 d5 3. Nc3 dxe4 4. Nxe4 Bf5 5. Ng3 Bg6 6. Nh3 e6 7. Nf4 Bd6 8. h4
Qc7 9. Qf3 Ne7 10. c3 Nd7 11. Nxg6 hxg6 12. Ne4 Nf5 13. Nxd6+ Qxd6 14. Bf4 Qd5
15. Qxd5 cxd5 16. g4 Rxh4 17. Rxh4 Nxh4 18. O-O-O f6 19. Bd3 Kf7 20. Bg3 Nf3 21.
Rh1 Rc8 22. Kd1 e5 23. Bb5 Nb6 24. Be2 e4 25. Bxf3 exf3 26. Re1 Rc6 27. Kc2 Nc4
28. b3 Na3+ 29. Kb2 Nb5 30. Re3 a6 31. Rxf3 g5 32. Re3 g6 33. f3 Re6 34. Rxe6
Kxe6 35. a4 Na7 36. c4 f5 37. Bc7 Kd7 38. Be5 Ke6 39. Kc3 Nc6 40. Bc7 fxg4 41.
fxg4 Kd7 42. Bg3 Ne7 43. b4 Ng8 44. cxd5 Nf6 45. Kc4 Nxg4 46. Kc5 Ne3 47. Bf2
Ng4 48. Bg1 Nf6 49. b5 axb5 50. axb5 Ne4+ 51. Kb6 Nd6 52. Kc5 g4 53. Bh2 g3 54.
Bg1 Kc7 55. b6+ Kd7 56. Be3 Nf5 57. Bg1 Nh4 0-1

[Event "World Youth U16 Olympiad"]
[Site "Gyor HUN"]
[Date "2014.12.16"]
[Round "5.15"]
[Board "4"]
[White "Zsirai, Peter"]
[Black "Chew Lee, Max"]
[Result "1-0"]
[WhiteElo "2301"]
[BlackElo "1931"]
[WhiteTeam "Hungary 2"]
[BlackTeam "Australia"]
[WhiteFideId "727423"]
[BlackFideId "3213137"]
[EventDate "2014.12.13"]
[EventType "team"]

1. e4 e6 2. d4 d5 3. Nd2 Nc6 4. Ngf3 Nf6 5. e5 Nd7 6. Be2 f6 7. exf6 Qxf6 8. Nf1
Bd6 9. Ne3 b6 10. c3 Bb7 11. O-O O-O-O 12. b4 Rhg8 13. a4 g5 14. a5 g4 15. Ne1
h5 16. axb6 axb6 17. Ba3 Ncb8 18. b5 e5 19. Bxd6 Qxd6 20. Nd3 e4 21. Nb4 Nf6 22.
Ra7 Rdf8 23. Qa4 Qf4 24. Nc6 g3 25. hxg3 Rxg3 26. Rxb7 Nfd7 27. Rxb8+ Nxb8 28.
Ne7+ Kd8 29. N7xd5 Rxg2+ 30. Nxg2 Qg5 31. Qa7 1-0

[Event "World Youth U16 Olympiad"]
[Site "Gyor HUN"]
[Date "2014.12.16"]
[Round "5.16"]
[Board "1"]
[White "Egri, Laszlo Jr."]
[Black "Repka, Christopher"]
[Result "0-1"]
[WhiteElo "2118"]
[BlackElo "2407"]
[WhiteTeam "Transdanubium West 2"]
[BlackTeam "Slovakia 1"]
[WhiteFideId "703397"]
[BlackFideId "14918781"]
[EventDate "2014.12.13"]
[EventType "team"]

1. e4 e6 2. d4 d5 3. exd5 exd5 4. Nf3 Nc6 5. Bd3 Bd6 6. O-O Nge7 7. Nc3 Bg4 8.
Nb5 a6 9. Nxd6+ Qxd6 10. c3 O-O-O 11. b4 Ng6 12. h3 Bd7 13. a4 Nce7 14. Re1 Kb8
15. Ne5 Nxe5 16. dxe5 Qe6 17. Bg5 h6 18. Bxe7 Qxe7 19. a5 Rhe8 20. Qe2 Qg5 21.
b5 Bxh3 22. f4 Qg3 23. bxa6 Bxg2 24. Qxg2 Qxd3 25. axb7 Re6 26. f5 Qxf5 27. a6
Rg6 28. a7+ Kxb7 29. Reb1+ Ka8 30. Rb8+ Rxb8 31. axb8=Q+ Kxb8 0-1

[Event "World Youth U16 Olympiad"]
[Site "Gyor HUN"]
[Date "2014.12.16"]
[Round "5.16"]
[Board "2"]
[White "Nayhebaver, Martin"]
[Black "Czupor, Attila"]
[Result "1-0"]
[WhiteElo "2332"]
[BlackElo "2107"]
[WhiteTeam "Slovakia 1"]
[BlackTeam "Transdanubium West 2"]
[WhiteFideId "14923432"]
[BlackFideId "752495"]
[EventDate "2014.12.13"]
[EventType "team"]

1. e4 e5 2. Nf3 Nc6 3. Bb5 Nge7 4. c3 a6 5. Ba4 g6 6. d4 exd4 7. cxd4 Bg7 8. d5
b5 9. Bb3 Na5 10. Bd2 Nxb3 11. Qxb3 O-O 12. Bc3 d6 13. Bxg7 Kxg7 14. O-O c5 15.
dxc6 Nxc6 16. Qc3+ Ne5 17. Nxe5 dxe5 18. Qxe5+ Qf6 19. Qxf6+ Kxf6 20. f4 Rd8 21.
Nc3 Bb7 22. Rae1 b4 23. e5+ Kf5 24. Nd1 Rd2 25. Ne3+ Ke6 26. Rf2 Rad8 27. g3 Bc6
28. Rc1 Bb5 29. Rxd2 Rxd2 30. Rc2 Rd3 31. Kf2 f6 32. exf6 Kxf6 33. Kf3 b3 34.
axb3 Rxb3 35. Rd2 Bc6+ 36. Kf2 Ke6 37. Nc2 Rb6 38. Nd4+ Kf6 39. Ke3 Bd7 40. Rc2
h6 41. Rd2 Bg4 42. Kd3 Rb4 43. Kc3 Rb7 44. Nc6 Rb6 45. Rd6+ Kg7 46. b4 h5 47.
Kd4 Kh6 48. Kc5 Rb5+ 49. Kc4 Rb6 50. Nd8 Rb8 51. Nf7+ Kg7 52. Ne5 Be2+ 53. Kc3 1-0

[Event "World Youth U16 Olympiad"]
[Site "Gyor HUN"]
[Date "2014.12.16"]
[Round "5.16"]
[Board "3"]
[White "Szukics, Adam"]
[Black "Pechac, Jergus"]
[Result "1/2-1/2"]
[BlackTitle "CM"]
[WhiteElo "2000"]
[BlackElo "2182"]
[WhiteTeam "Transdanubium West 2"]
[BlackTeam "Slovakia 1"]
[WhiteFideId "751871"]
[BlackFideId "14926970"]
[EventDate "2014.12.13"]
[EventType "team"]

1. e4 e6 2. d4 d5 3. Nd2 Nf6 4. e5 Nfd7 5. Bd3 c5 6. c3 Nc6 7. Ne2 f6 8. Nf4 Qe7
9. Nf3 c4 10. Bc2 Nb6 11. O-O Bd7 12. a4 O-O-O 13. a5 Na8 14. Re1 Nc7 15. Ba4
Qf7 16. h4 h6 17. h5 Kb8 18. Be3 Be7 19. Ng6 Rhe8 20. Qc2 f5 21. Reb1 Ka8 22.
Bf4 Rb8 23. Ra2 Rec8 24. Rba1 Bd8 25. Qe2 Be8 26. Qe3 Qg8 27. b4 cxb3 28. Bxb3
a6 29. Rb1 Nb5 30. c4 dxc4 31. Bxc4 Ncxd4 32. Nxd4 Rxc4 33. Nxb5 Bxb5 34. Qd2
Qe8 35. Be3 Qc6 36. f3 Bc7 37. Rd1 Ba4 38. Rda1 Rd8 39. Qf2 Rd3 40. Rd2 Rcc3 41.
Rxd3 Rxd3 42. Rc1 Rc3 43. Rxc3 Qxc3 44. Bd2 Qa1+ 45. Kh2 Bxe5+ 46. Nxe5 Qxe5+
47. f4 Qb2 48. Qe3 Bc6 49. Qd3 Qf6 50. Qg3 Qf7 51. Qh4 Qd7 52. Qf2 Qe8 53. Qh4
e5 54. fxe5 Qxe5+ 55. Qf4 Qd5 56. Qf2 f4 57. Bxf4 Qxh5+ 58. Kg1 Qxa5 59. Qd4
Qe1+ 60. Kh2 Qh4+ 61. Kg1 Bd5 62. Qe5 Qd8 63. Qxg7 h5 64. Qd4 Qg8 65. g3 h4 66.
Kf2 hxg3+ 67. Bxg3 b5 68. Qf6 Qf7 69. Qxf7 Bxf7 70. Ke3 Kb7 71. Kd4 Kb6 72. Kc3
a5 73. Bd6 Kc6 74. Bf8 Kd5 75. Be7 Ke4 76. Bc5 Be6 77. Bb6 b4+ 78. Kb2 a4 79.
Bc5 a3+ 80. Ka1 a2 1/2-1/2

[Event "World Youth U16 Olympiad"]
[Site "Gyor HUN"]
[Date "2014.12.16"]
[Round "5.16"]
[Board "4"]
[White "Sucikova, Svetlana"]
[Black "Szakasics, Emese"]
[Result "1-0"]
[WhiteElo "1985"]
[BlackElo "1670"]
[WhiteTeam "Slovakia 1"]
[BlackTeam "Transdanubium West 2"]
[WhiteFideId "14923653"]
[BlackFideId "758876"]
[EventDate "2014.12.13"]
[EventType "team"]

1. c4 e5 2. Nc3 Nf6 3. g3 Nc6 4. Bg2 Bc5 5. e3 d5 6. Nxd5 Nxd5 7. cxd5 Nb4 8.
Qb3 c6 9. a3 Nxd5 10. Ne2 O-O 11. O-O Re8 12. Rd1 Bb6 13. Qc2 Qf6 14. d3 Bg4 15.
Re1 Rad8 16. Nc3 Nxc3 17. bxc3 Bf5 18. e4 Bg4 19. Be3 Ba5 20. f3 Bh5 21. Red1
Qe6 22. Rab1 b6 23. Rbc1 c5 24. Qa4 Rd6 25. Bxc5 Rc6 26. Bb4 Bxb4 27. axb4 Rc7
28. d4 Rd8 29. dxe5 Rxd1+ 30. Rxd1 h6 31. Qc2 Bg6 32. Qd3 Rc8 33. f4 Qb3 34. Rc1
Bh5 35. h3 a5 36. bxa5 bxa5 37. g4 Bg6 38. f5 Bh7 39. Rb1 Qa3 40. Rd1 Qc5+ 41.
Qd4 Qc7 42. Qd6 Qa7+ 43. Kh1 g6 44. f6 Qa8 45. e6 1-0

[Event "World Youth U16 Olympiad"]
[Site "Gyor HUN"]
[Date "2014.12.16"]
[Round "5.17"]
[Board "1"]
[White "Kiss, Balint"]
[Black "Radovic, Luka"]
[Result "1/2-1/2"]
[WhiteElo "2090"]
[BlackElo "2352"]
[WhiteTeam "Austria"]
[BlackTeam "Serbia"]
[WhiteFideId "743763"]
[BlackFideId "911569"]
[EventDate "2014.12.13"]
[EventType "team"]

1. e4 c5 2. Nf3 d6 3. d4 cxd4 4. Nxd4 Nf6 5. Nc3 a6 6. Be3 e5 7. Nf3 Be7 8. Bc4
O-O 9. O-O Nbd7 10. a4 Qc7 11. Qe2 b6 12. Bg5 Bb7 13. Rfd1 Rfc8 14. Ba2 h6 15.
Bxf6 Nxf6 16. Nh4 Bf8 17. Ng6 Qc5 18. Nxf8 Kxf8 19. Bb3 Bc6 20. Rac1 Qb4 21. f3
b5 22. axb5 axb5 23. g3 g5 24. Qd2 Qc5+ 25. Kg2 Ke7 26. Nd5+ Nxd5 27. Bxd5 Bxd5
28. Qxd5 Qxd5 29. Rxd5 b4 30. Rd3 Rc4 31. Kf2 g4 32. b3 Rc6 33. fxg4 Rac8 34. c4
bxc3 35. Rc2 1/2-1/2

[Event "World Youth U16 Olympiad"]
[Site "Gyor HUN"]
[Date "2014.12.16"]
[Round "5.17"]
[Board "2"]
[White "Radovic, Janko"]
[Black "Horvath, Dominik"]
[Result "1-0"]
[WhiteElo "2272"]
[BlackElo "2017"]
[WhiteTeam "Serbia"]
[BlackTeam "Austria"]
[WhiteFideId "911518"]
[BlackFideId "1642561"]
[EventDate "2014.12.13"]
[EventType "team"]

1. e4 c5 2. c3 d5 3. exd5 Qxd5 4. d4 Nc6 5. Nf3 Bg4 6. Be2 cxd4 7. cxd4 e6 8.
O-O Nf6 9. Nc3 Qa5 10. Be3 Bd6 11. h3 Bh5 12. a3 O-O 13. Rc1 a6 14. Qb3 Ne7 15.
Bd2 Ned5 16. Na4 Qd8 17. Qxb7 Ne4 18. Rc2 Qf6 19. Bc1 Bxf3 20. Bxf3 Qxd4 21. Qc6
Qe5 22. g3 f5 23. Re1 Ne7 24. Qc4 Rac8 25. Qe2 Rxc2 26. Qxc2 Rc8 27. Qd1 Nd5 28.
b4 Ndc3 29. Nxc3 Qxc3 30. Bxe4 fxe4 31. Bb2 Qxb2 32. Qxd6 Rf8 33. Qxe6+ Kh8 34.
Rf1 Qd4 35. Qe7 Kg8 36. Qc5 Qxc5 37. bxc5 Rc8 38. Rc1 Kf7 39. Rc4 Kf6 40. Ra4
Rc6 41. Rxe4 Rxc5 42. Rb4 a5 43. Rb6+ Kf7 44. Rb3 g5 45. Kg2 Kg6 46. Rb6+ Kg7
47. a4 Rc4 48. Rb5 Rxa4 49. Rxg5+ Kf6 50. Rh5 Kg6 51. Rb5 Ra2 52. Rb6+ Kg7 53.
Ra6 a4 54. h4 a3 55. Kf3 h5 56. Ke3 Ra1 57. Kf4 Kh7 58. Kg5 Rf1 59. Rxa3 Rxf2
60. Kxh5 Rf5+ 61. Kg4 Rb5 62. h5 Rb4+ 63. Kg5 Rb5+ 64. Kh4 Rb4+ 65. g4 Rc4 66.
Ra7+ Kh6 67. Ra6+ Kh7 68. h6 Rb4 69. Kh5 Rb5+ 70. g5 Rc5 71. Ra7+ Kh8 72. Kg6
Rc6+ 73. Kh5 Rc5 74. Re7 Ra5 75. Kg6 Ra6+ 76. Kf7 Kh7 77. Re6 Ra7+ 78. Kf6 Ra8
79. Re7+ Kh8 80. g6 Rg8 81. Rh7# 1-0

[Event "World Youth U16 Olympiad"]
[Site "Gyor HUN"]
[Date "2014.12.16"]
[Round "5.17"]
[Board "3"]
[White "Toelly, Michael"]
[Black "Ivic, Velimir"]
[Result "0-1"]
[WhiteElo "1925"]
[BlackElo "2176"]
[WhiteTeam "Austria"]
[BlackTeam "Serbia"]
[WhiteFideId "1625330"]
[BlackFideId "950122"]
[EventDate "2014.12.13"]
[EventType "team"]

1. d4 f5 2. Bg5 g6 3. Nc3 Bg7 4. h4 h6 5. Bf4 Nf6 6. e3 d6 7. Qf3 O-O 8. O-O-O
e6 9. Nh3 Nc6 10. Bh2 Qe8 11. Bc4 a6 12. Nf4 Na5 13. Be2 Rb8 14. e4 b5 15. exf5
gxf5 16. a3 b4 17. axb4 Rxb4 18. Qh3 Nc6 19. d5 exd5 20. Rhe1 Qf7 21. Bf3 Ne7
22. Rxe7 Qxe7 23. Ng6 Qf7 24. Nxf8 d4 25. Ne2 Kxf8 26. Nxd4 Qa2 27. Nb3 Be6 28.
Rd3 Ng4 29. Bxg4 Qxb2+ 30. Kd2 fxg4 31. Qe3 Bf5 32. f3 Rc4 33. Rd5 Rxc2+ 34. Kd1
Qb1+ 35. Nc1 Rxc1+ 36. Qxc1 Qb3+ 0-1

[Event "World Youth U16 Olympiad"]
[Site "Gyor HUN"]
[Date "2014.12.16"]
[Round "5.17"]
[Board "4"]
[White "Gajcin, Marina"]
[Black "Mayrhuber, Nikola"]
[Result "1/2-1/2"]
[WhiteElo "2036"]
[BlackElo "1765"]
[WhiteTeam "Serbia"]
[BlackTeam "Austria"]
[WhiteFideId "949086"]
[BlackFideId "1637819"]
[EventDate "2014.12.13"]
[EventType "team"]

1. e4 e6 2. d4 d5 3. e5 c5 4. c3 Nc6 5. Nf3 Bd7 6. a3 Nge7 7. b4 cxd4 8. cxd4
Nf5 9. Bb2 b5 10. Bd3 a5 11. Bxb5 axb4 12. Bxc6 Bxc6 13. O-O bxa3 14. Nxa3 Be7
15. Qd2 Ba4 16. Nc2 Bxc2 17. Qxc2 O-O 18. Rxa8 Qxa8 19. Rc1 Qb7 20. Qc3 Ra8 21.
h3 h5 22. g3 Rb8 23. Ba3 Bxa3 24. Qxa3 Kh7 25. g4 hxg4 26. hxg4 Nh6 27. Ng5+ Kg8
28. Qd3 g6 29. Qf3 Qe7 30. Qf4 Kg7 31. Kg2 Rh8 32. Ra1 Rf8 33. Rc1 Rd8 34. Ra1
Rf8 35. Rc1 Rd8 36. Ra1 Rf8 37. Rc1 1/2-1/2

[Event "World Youth U16 Olympiad"]
[Site "Gyor HUN"]
[Date "2014.12.16"]
[Round "5.18"]
[Board "1"]
[White "Mirza, Diana"]
[Black "Abdulla, Murad"]
[Result "0-1"]
[WhiteTitle "WCM"]
[WhiteElo "1768"]
[BlackElo "1958"]
[WhiteTeam "Ireland"]
[BlackTeam "Scotland"]
[WhiteFideId "2503999"]
[BlackFideId "2403757"]
[EventDate "2014.12.13"]
[EventType "team"]

1. e4 c5 2. Nf3 d6 3. c3 Nf6 4. h3 Nc6 5. Bd3 g6 6. O-O Bg7 7. Bc2 O-O 8. d4
cxd4 9. cxd4 b6 10. Nc3 Bb7 11. Re1 Rc8 12. Bf4 Ne8 13. Qd2 Na5 14. Bd3 e5 15.
dxe5 dxe5 16. Bg5 f6 17. Bh4 Qe7 18. Nd5 Bxd5 19. exd5 Qd6 20. Ba6 Rb8 21. b4
Nc7 22. Bf1 Nb7 23. Bc4 Rfe8 24. Rac1 Kh8 25. Bb3 Rbc8 26. Rc6 Qf8 27. a4 Nd8
28. Rc2 Qd6 29. Nd4 Nf7 30. Rc6 Qd7 31. Nf3 g5 32. Bg3 Nd6 33. b5 Nb7 34. d6 Ne6
35. Bxe6 Rxe6 36. Rxc8+ Qxc8 37. d7 Qd8 38. Rc1 Nc5 39. Qd5 Re7 40. h4 h6 41.
hxg5 hxg5 42. Bxe5 Rxd7 43. Qc6 fxe5 44. a5 g4 45. Nh2 Rd6 0-1

[Event "World Youth U16 Olympiad"]
[Site "Gyor HUN"]
[Date "2014.12.16"]
[Round "5.18"]
[Board "2"]
[White "Koehn, Lennart"]
[Black "Higgins, Michael"]
[Result "1-0"]
[WhiteElo "1846"]
[BlackElo "1559"]
[WhiteTeam "Scotland"]
[BlackTeam "Ireland"]
[WhiteFideId "12938041"]
[BlackFideId "2507153"]
[EventDate "2014.12.13"]
[EventType "team"]

1. e4 c5 2. Nf3 d6 3. d4 cxd4 4. Nxd4 Nf6 5. Nc3 a6 6. h3 e5 7. Nde2 h5 8. g3
Be7 9. Bg2 Nbd7 10. Bg5 b5 11. Nd5 Bb7 12. Nxe7 Qxe7 13. O-O O-O 14. Nc3 Rac8
15. Nd5 Bxd5 16. exd5 Rc5 17. c3 Rb8 18. Qxh5 b4 19. cxb4 Rxb4 20. Qe2 a5 21.
Rac1 Rxc1 22. Rxc1 Nc5 23. Rc4 Rb6 24. Rh4 g6 25. Qf3 Ncd7 26. b3 Rb5 27. Qd3
Rb6 28. Rc4 Rb7 29. Rc8+ Kg7 30. Qa6 Nb6 31. Rc6 Ra7 32. Qxb6 a4 33. Bxf6+ Kxf6
34. Rxd6+ 1-0

[Event "World Youth U16 Olympiad"]
[Site "Gyor HUN"]
[Date "2014.12.16"]
[Round "5.18"]
[Board "3"]
[White "Keating, Geoffrey"]
[Black "Gray, Euan"]
[Result "1-0"]
[WhiteElo "1575"]
[BlackElo "1625"]
[WhiteTeam "Ireland"]
[BlackTeam "Scotland"]
[WhiteFideId "2505746"]
[BlackFideId "2405180"]
[EventDate "2014.12.13"]
[EventType "team"]

1. Nf3 f5 2. g3 Nf6 3. Bg2 d6 4. d3 e5 5. c4 Nc6 6. Nc3 Be7 7. O-O O-O 8. a3 a5
9. Rb1 Qe8 10. Nb5 Bd8 11. d4 Qh5 12. d5 Na7 13. Nc3 Ng4 14. h3 Nh6 15. Qd2 Nf7
16. b4 axb4 17. axb4 g5 18. Nh2 g4 19. h4 f4 20. Ra1 Bd7 21. gxf4 Bxh4 22. fxe5
dxe5 23. Qe3 b6 24. d6 Bc6 25. Bxc6 Nxc6 26. Rxa8 Rxa8 27. dxc7 Nd4 28. Qe4 Ra7
29. c8=Q+ Kg7 30. Qcxg4+ 1-0

[Event "World Youth U16 Olympiad"]
[Site "Gyor HUN"]
[Date "2014.12.16"]
[Round "5.18"]
[Board "4"]
[White "Milton, Anna"]
[Black "Dwyer, Daniel"]
[Result "0-1"]
[WhiteElo "1547"]
[BlackElo "1777"]
[WhiteTeam "Scotland"]
[BlackTeam "Ireland"]
[WhiteFideId "2404419"]
[BlackFideId "2507927"]
[EventDate "2014.12.13"]
[EventType "team"]

1. d4 d5 2. c4 c6 3. Nc3 Nf6 4. Bg5 Nbd7 5. Nf3 e6 6. e3 Be7 7. Bd3 dxc4 8. Bxc4
O-O 9. O-O Nd5 10. Bxe7 Qxe7 11. Rc1 Rd8 12. Qe2 N7b6 13. Bd3 Bd7 14. Ne4 Rac8
15. Nc5 Be8 16. Rfd1 Rc7 17. a3 Nd7 18. Nxd7 Bxd7 19. b4 a5 20. b5 Qxa3 21. bxc6
Rxc6 22. Rxc6 Bxc6 23. Qc2 Ba4 24. Qc1 Qb3 25. Qb1 Qxd1+ 26. Qxd1 Bxd1 0-1